| 000 | 00000nam##2200000za#4500 |
| 001 | 9.666273 |
| 003 | CaOODSP |
| 005 | 20210615122740 |
| 007 | ta |
| 008 | 150407|2005||||xxc||||| f|0| 0 eng|d |
| 020 | |a0-662-68844-9 |
| 040 | |aCaOODSP|beng |
| 041 | |aeng |
| 041 | |afre |
| 043 | |an-cn--- |
| 086 | 1 |aCH1-3/2005 |
| 110 | 1 |aCanada. |bCanadian Heritage. |
| 245 | 10|aGuide to Canadian Heritage financial support programs : |bcreating Canada together |
| 260 | |aOttawa - Ontario : |bCanadian Heritage |c2005. |
| 300 | |aEnglish text, [6], 95p. ; |c28 cm. |
| 520 | 3 |aThis is a guide to grants, bursaries, tax credits, and other financial support offered by the Department of Canadian Heritage under the following categories: Aboriginal, arts and culture, Canada’s heritage, digital future, multiculturalism, official languages, sport, and youth. A brief description of each program is followed by information about who can apply, when, and where. Because the programs change from time to time, readers are encouraged to visit the Department’s Web site (www.canadianheritage.gc.ca) for the most up-to-date information. |
| 563 | |aSpiral binding |
| 590 | |a05-29|b2005-07-22 |
| 690 | 07|aHeritage|2gcpds |
| 776 | 0#|tGuide des programmes d'appui financier de Patrimoine canadien |w(CaOODSP)9.632096 |
| 776 | 0#|tGuide to Canadian Heritage financial support programs |w(CaOODSP)9.687657 |
| 792 | |tGuide des programmes d'appui financier de Patrimoine canadien : |efre|w(CaOODSP)9.666274 |